Inflation Targeting in the United Kingdom Information Content of Financial and Monetary Variables

Na minha lista:
Detalhes bibliográficos
Autor principal: Baumgartner, Josef
Outros Autores: Ramaswamy, Ramana
Formato: Livro
Idioma:inglês
Publicado em: Washington International Monetary Fund 1996
Edição:1. ed.
Colecção:IMF Working Paper 44
Assuntos:
Tags: Adicionar Tag
Sem tags, seja o primeiro a adicionar uma tag!

MARC

LEADER 00000nam a2200000 4500
001 c017421
005 20221205125305.5
041 0 |a eng 
044 |a US 
245 1 0 |a Inflation Targeting in the United Kingdom  |b Information Content of Financial and Monetary Variables  |c Josef Baumgartner, Ramana Ramaswamy 
250 |a 1. ed. 
264 1 |a Washington  |b International Monetary Fund  |c 1996 
300 |a 23 s. 
490 1 |a IMF Working Paper  |v 44 
830 0 |a IMF Working Paper  |v 44 
610 2 0 |a inflácia 
610 2 0 |a politika finančná 
610 2 0 |a politika peňažná 
610 2 0 |a Veľká Británia 
610 2 0 |a mena 
610 2 0 |a kurz výmenný 
100 1 |a Baumgartner, Josef 
700 1 |a Ramaswamy, Ramana